Corporate finance

Bibliographic Details
Main Author: Ross, Stephen A.
Other Authors: Jaffe, Jeffrey F., Westerfield, Randolph
Format: Book
Language:English
Published: Boston : Irwin McGraw-Hill , 2005
Edition:7th ed.
Series:The Irwin-McGraw-Hill series in finance, insurance and real estate
Subjects:

MARC

LEADER 00000cam a2200000 7i4500
001 0000023588
005 20111013.0
008 101125s a eng
020 |a 0072829206 
040 |a INS 
090 0 0 |a HG4026.   |b R675 2005 
100 1 |a Ross, Stephen A. 
245 1 0 |a Corporate finance   |c Stephen A. Ross, Randolph W.Westerfield, Jeffrey Jaffe 
250 |a 7th ed. 
260 |a Boston :   |b Irwin McGraw-Hill ,   |c 2005 
300 |a xxxiii, 942p. :   |b ill. ;   |c 26 cm. 
440 0 |a The Irwin-McGraw-Hill series in finance, insurance and real estate 
500 |a Includes index 
650 0 0 |a Corporations   |x Finance 
700 1 |a Jaffe, Jeffrey F. 
700 1 |a Westerfield, Randolph 
999 |a 1000000217   |b BOOK   |c Open Shelf   |e Default branch